The Garuda Mahapuranam : (Record no. 195606)

MARC details
000 -LEADER
fixed length control field 00930nam a22002777a 4500
005 - DATE AND TIME OF LATEST TRANSACTION
control field 20231229153156.0
010 ## - LCCN (DPL NO)
LC control number ENG-136633 ,ENG-138805
020 ## - INTERNATIONAL STANDARD BOOK NUMBER
Terms of availability 1000.00
International Standard Book Number 9788183150736
020 ## - INTERNATIONAL STANDARD BOOK NUMBER
Terms of availability 1800.00
International Standard Book Number 9788183150736
020 ## - INTERNATIONAL STANDARD BOOK NUMBER
International Standard Book Number 818315073
035 ## - SYSTEM CONTROL NUMBER
System control number EN-120165
035 ## - SYSTEM CONTROL NUMBER
System control number EN-122337
037 ## - SOURCE OF ACQUISITION
Source of stock number/acquisition DBAD/PUB
082 ## - DEWEY DECIMAL CLASSIFICATION NUMBER
Classification number 294.5925
Edition number Fourth
100 ## - MAIN ENTRY--PERSONAL NAME
Personal name Dutt, M.N
245 00 - TITLE STATEMENT
Title The Garuda Mahapuranam :
Remainder of title Vol.II/
Statement of responsibility, etc By M.N Dutt Edit By S.Jain
250 ## - EDITION STATEMENT
Edition statement Fourth
260 ## - PUBLICATION, DISTRIBUTION, ETC. (IMPRINT)
Place of publication, distribution, etc New Delhi
Name of publisher, distributor, etc New Bhartiya Book Corporation
Date of publication, distribution, etc 2016
270 ## - ADDRESS
Address 208, IInd Floor, Prakash Deep Building, 4735/22, Ansari Road Darya Ganj
City New Delhi
Postal code 110002
Electronic mail address deepak.nbbc@yahoo.in
Telephone number 011-23280209
-- 011-23280214
300 ## - PHYSICAL DESCRIPTION
Extent xxx,602.;
Dimensions 25cm(hbk)
300 ## - PHYSICAL DESCRIPTION
Extent 1086p.
490 ## - SERIES STATEMENT
Series statement Text With English Translation & Notes
500 ## - GENERAL NOTE
General note Includes index
700 ## - ADDED ENTRY--PERSONAL NAME
Personal name Jain, S.
9 (RLIN) 60451
942 ## - ADDED ENTRY ELEMENTS (KOHA)
Source of classification or shelving scheme Dewey Decimal Classification
Item type English Books
Call number suffix DUT
Classification part 294.5925
Holdings
Withdrawn status Lost status Not for loan Collection code Home library Current library Date acquired Source of acquisition Cost, normal purchase price Full call number Barcode Copy number Cost, replacement price Koha item type Materials specified (bound volume or other part)
      Non-fiction Ashok Vihar Ashok Vihar 29/12/2023 DBAD/PUB 1800.00 294.5925 DUT EN-122337 1 1800.00 English Books Volume 2
      Reference Central Library Central Library 06/04/2023 DBAD/PUB 1000.00 294.592 DUT EN-120165 1 1000.00 English Books  

© Delhi Public Library
Hit Counter
free hit counter